| 000 | 00954nam a2200241 a 4500 | ||
|---|---|---|---|
| 001 | BRCA_409 | ||
| 005 | 20190320203010.0 | ||
| 008 | 951208s1993 ne-a---##b---#000-0#eng-d | ||
| 020 | _a9090066128 | ||
| 050 | 4 |
_aNK4320.G4 _b.S27 1993 |
|
| 100 | 1 |
_aScholten, Frits _91393 |
|
| 245 | 1 | 0 |
_aDutch Majolica & Delftware, 1550-1700 _bthe Edwin van Drecht Collection _cFrits Scholten. |
| 260 |
_aAmsterdam _bE. van Drecht _c1993 |
||
| 300 |
_a39 p., 263 p. de láminas _bil. (algunas a color) _c29 cm. |
||
| 500 | _aCatálogo de la exposición realizada en el Paleis Lange Voorhout Museum (The Hague, Holanda) | ||
| 504 | _aIncluye referencias bibliográficas e índice | ||
| 546 | _aTexto en : holándes e inglés | ||
| 600 | 1 | 4 |
_aDrecht, Edwin van _xColecciones de arte _91394 |
| 650 | 1 | 4 |
_aCerámica _xColecciones privadas _zPaíses Bajos _91395 |
| 650 | 1 | 4 |
_aMayólica holandesa _xExposiciones _91396 |
| 650 | 1 | 4 |
_aLoza fina _xExposiciones _91397 |
| 942 |
_2lcc _cB |
||
| 999 |
_c344 _d344 |
||